National Football Teams at the 2024 Olympics - Statistics

General Stats
  • This quiz has been taken 39 times
  • The average score is 15 of 23
Answer Stats
Team Answer % Correct
Both France
95%
Both United States
95%
Both Japan
89%
Men Argentina
84%
Women Australia
84%
Women Brazil
84%
Women Canada
84%
Women Germany
84%
Both Spain
84%
Both New Zealand
76%
Women Colombia
70%
Men Morocco
68%
Men Egypt
62%
Women Nigeria
59%
Women Zambia
59%
Men Iraq
43%
Men Israel
43%
Men Ukraine
43%
Men Paraguay
41%
Men Dominican Republic
35%
Men Uzbekistan
35%
Men Guinea
32%
Men Mali
22%
No matching quizzes found
Score Distribution
Percent of People with Each Score
Percentile by Number Answered
Your Score History
You have not taken this quiz